00524 2200205 4500001002100000008004100021035002000062245007700082100002200159250000600181260003500187300001200222084001400234082000800248650001400256990001200270990001200282990001200294990001200306INLIS000000000000545 ind  a0010-0424000521 aEnsiklopedia Pengetahuan Populer 5; Revolusi - ZoologicJennifer Justice aJustice, Jennifer a1 aJakarta :bLentera Abadic2015 a385 hlm a500 JEN e a500 aNon Fiksi a0722208 a0722209 a0722210 a0722211